000 00287nam a22001097a 4500
008 170110b xxu||||| |||| 00| 0 eng d
020 _a9780763722890
041 _aeng
080 _a618.2
245 _aA HISTORY OF NURSING IDEAS
_cANDRIST, L.C & NICHOLAS, P.K & WOLF, K.A
942 _2udc
_cBK
999 _c2650
_d2650